MDQL
is popping MORE tags! Check the
thread
!
Quizzes
Events
Quiz Creation
Community
Videos
Private Events
Remove Ads
Sign In
Join for FREE
Feedback
Dark Mode
Quiz Categories
Sports
Geography
Music
Movies
Television
Just For Fun
Miscellaneous
History
Literature
Language
Science
Gaming
Entertainment
Religion
Holiday
For Kids
Quiz Lab
Recent
Popular Today
Quiz Kudos Today
Editor Picks
Curator Picks
Quizzes by...
Day
Popularity
Type
Ratings
Length
Year
Community
Subscriptions
Recent Discussions
Orange Saloon
Badges
Playlists
Quests
Create
Leaderboards
Showdown
Live 5
Trivia Bingo
Activity
Puzzle Library
Sporcle Events
Private Events
Virtual Trivia
Globe League
Become a Host
Pub Owners
SporcleCon
Opinionation
Our Games
Videos
Blog
Mobile Apps
Partnerships
Remove Ads and Go Orange
Feedback
Geography
Country
Landmarks
City
State
Population
World
Capital
Continent
Flags
Europe
Africa
Asia
South America
North America
Oceania
Border
Canada
United Kingdom
Topography
United States
Geography
Country
Landmarks
City
State
Population
World
Capital
Continent
Flags
Europe
Africa
Asia
South America
North America
Oceania
Border
Canada
United Kingdom
Topography
United States
Random Quiz
Search Sporcle
×
Quiz Lab
Quiz Lab
Geography
City
Type in answers that appear in a list
Type in answers that appear in a list
Classic
Best Score? Go Orange.
Airlines Biggest Hubs Stats
Can you name the Airline Hubs?
By
apritzker10
6m
60 Questions
5,782 Plays
5,782 Plays
5,782 Plays
Comments
Comments
Give Quiz Kudos
Give Quiz Kudos
-
- Ratings
hide this ad
Replay
Link that replays current quiz
Next Quiz
Link to next quiz in quiz playlist
You Got
0%
They Got
Avg Score
67%
Avg Friend Score
Upgrade to see
Score Distribution
Jump to the score distribution portion of the page
Score
0/60
Timer
06:00
1
Play Today
Airline
City or IATA Airport Code
% Correct
Jetblue Airways
New York
90.8%
British AIrways
London
90%
Air France
Paris
89.7%
American Airlines
Dallas
88.1%
Qantas
Sydney
87.5%
Air Canada
Toronto
86.4%
Aer Lingus
Dublin
85.5%
Mexicana
Mexico City
84.9%
Delta Airlines
Atlanta
83.9%
United Airlines
Chicago
83.7%
Hawaiian Airlines
Honolulu
83.3%
Emirates
Dubai
82.6%
KLM
Amsterdam
82.2%
Air Berlin
Berlin
81.9%
Lufthansa
Frankfurt
81.8%
Alitalia
Rome
80.3%
Egyptair
Cairo
80.3%
Iberia
Madrid
80.1%
Singapore Airlines
Singapore
79.8%
Air China
Beijing
79.6%
Turkish Airlines
Istanbul
79%
Tap Air Portugal
Lisbon
78.4%
Austrian Airlines
Vienna
76.3%
Cathay Pacific
Hong Kong
76.1%
All Nippon Airways
Tokyo
75.8%
Air New Zealand
Auckland
75.7%
Southwest Airlines
Las Vegas
75.7%
Finnair
Helsinki
75.5%
Alaska Airlines
Seattle
75.5%
Swiss International Airlines
Zurich
74.1%
Airline
City or IATA Airport Code
% Correct
Aeroflot
Moscow
74%
LOT Polish Airlines
Warsaw
73.7%
Air India
Delhi
73.7%
THAI
Bangkok
72.8%
Czech Airlines
Prague
70.8%
South African Airways
Johannesburg
70.5%
Continental Airlines
Houston
69%
Olympic
Athens
69%
EL AL
Tel Aviv
66.1%
Frontier Airlines
Denver
63.5%
SAS
Stockholm
63.4%
Malaysia Airlines
Kuala Lumpur
63.2%
Etihad Airways
Abu Dhabi
60.8%
Icelandair
Reykjavik
60.1%
U.S. Airways
Philadelphia
56.6%
Asiana Airlines
Seoul
55.9%
Royal Jordanian
Amman
52.9%
Royal Air Maroc
Casablanca
48.9%
Bahamasair
Nassau
46.8%
Arik Air
Lagos
45%
TAM
Sao Paulo
44.6%
LAN
Santiago
43.2%
China Airlines
Taipei
42.9%
Avianca Airlines
Bogota
41%
MALEV
Budapest
36.1%
Air Tahiti Nui
Papeete
35.1%
Copa Airlines
Panama City
32%
Air Jamaica
Montego Bay
30.8%
Air Pacific
Nadi
20.6%
Cayman Airways
George Town
14.9%
Quiz Playlist
Details
Report
Send in Message
Add To Playlist
Classic:
Type in answers that appear in a list
Last Updated: Apr 18, 2017
Quiz Scoreboard
CHALLENGE
Sign Up to Join the Scoreboard
Show All
Scores
Hide
Comments
May contain spoilers
Recently Published
Holiday 10x10 Sorting Gallery
by lukepisani3
Holiday
15m
Two Season TV Shows II
by 123Four
Television
10m
Image Sorting: Flags VI
by Barbecue
Geography
2m
More to Explore
Quiz From the Vault
Featured Blog Post
14 Easter Pick-up Lines to Find Eggs With
hide this ad
You Might Also Like...
Tags
City Quiz
Airline
Airline Hubs
airport
Airport Codes
biggest
code
hub
Today's Top Quizzes in Geography
Browse Geography
hide this ad
Today's Top Quizzes in City
Browse City
Top Contributed Quizzes in Geography
1
Colored Red Europe Blitz I
2
Countries of the World - No Outlines Minefield
3
Colored Red Africa Blitz II
4
Colored Red Europe Blitz II
5
Colored Red Europe Blitz III
6
Colored Red Africa Blitz III
7
Colored Red States Blitz I
8
Colored Red States Blitz II
9
A Different View: World Oceans
10
Colored Red States Blitz III
Explore More
Trending Topics
Crossword
Disney
Kpop
Harry Potter
Marvel
NBA
Anime
Song
Soccer
NFL
Puzzle
Pokémon
The Office
WWE
Country
hide this ad
More By:
apritzker10
Quiz
Plays
Rating
Category
Featured
Created
Airlines Biggest Hubs
5,782
3.14
Geography
Jan 5, 2010
Airlines at New York-JFK Airport
951
1.43
Miscellaneous
Jan 6, 2010
African-American Quarterbacks
493
1.87
Sports
Oct 15, 2009
Chicago Red Line Stops
236
3.33
Miscellaneous
Oct 15, 2009
Best Hotel in Each City
168
1.00
Miscellaneous
Oct 19, 2009
Go to Creator's Profile
Score Distribution
Quiz Creator Spotlight
apritzker10
Follow
Send a Message
Quizzes Created
-
Created Quiz Play Count
-
More By This Creator
Popular Quizzes Today
1
Find the US States - No Outlines Minefield
2
Colored Red Africa Blitz
3
Find the 'City' Movie
4
The Countries of the World
5
5x2 Blitz: Bands
6
Find the Countries of Europe - No Outlines Minefield
7
Find the US States
8
US States
More Geography Quizzes
Most Populous Cities in Greece
Published
Trending Quizzes
Colored Red Europe Blitz I
Colored Red Africa Blitz II
Colored Red Europe Blitz II
Even More Two Season TV Shows
Colored Red Africa Blitz III
Recently Updated
Odd Team Out - Big 4 Players
pecheneg
Quick Pick: 20 Twenties
pecheneg
March Madness Men's Triple Doubles
pecheneg
How Do You Spell That?
pecheneg
Godzilla Movies
pecheneg
Grab Bag: 4-10 Letters
pecheneg
2024 March Madness Bracket
pecheneg
Famous TV Couples
Peacemaker
Champions League XIs: Real Madrid
pecheneg
Largest US Cities 1790-2010
pecheneg
Trending Topics
NBA
Disney
Kpop
Anime
Crossword
Marvel
Harry Potter
Pokémon
Soccer
Country
NFL
WWE
The Office
Puzzle
Song
Your Account Isn't Verified!
In order to create a playlist on Sporcle, you need to verify the email address you used during registration. Go to your
Sporcle Settings
to finish the process.
Report this User
Report this user for behavior that violates our
Community Guidelines
.
Details:
Send Report
Go to the Sporcle.com Mobile Site →
Comments